Germany State Capital's Quiz - Statistics

General Stats
  • This quiz has been taken 181 times
  • The average score is 12 of 16
Answer Stats
Hint Answer % Correct
Berlin Berlin
98%
Bavaria Munich
98%
Hamburg Hamburg
96%
Bremen Bremen
94%
Baden-Württemberg Stuttgart
89%
Saxony Dresden
84%
Lower Saxony Hanover
79%
NorthRhine-Westphalia Düsseldorf
77%
Saarland Saarbrücken
77%
Brandenburg Potsdam
74%
Schleswig-Holstein Kiel
72%
Rhineland Palatinate Mainz
63%
Thuringia Erfurt
62%
Saxony Anhalt Magdeburg
57%
Mecklenburg-Vorpommern Schwerin
55%
Hesse Wiesbaden
54%
No matching quizzes found
Score Distribution
Percent of People with Each Score
Percentile by Number Answered
Your Score History
You have not taken this quiz